| 000 | 00958njm a2200301Ia 4500 | ||
|---|---|---|---|
| 001 | 54189 | ||
| 003 | IT-RoPAU | ||
| 005 | 20220918181132.0 | ||
| 008 | 131025s9999 xx 000 0 und d | ||
| 040 | _aIT-RoPAU | ||
| 040 | _cIT-RoPAU | ||
| 041 | _aINGLESE | ||
| 999 |
_c100670 _d100670 |
||
| 999 | _bn.d. | ||
| 100 |
_aLevel 42 _916938 |
||
| 100 |
_eAutore musica _922733 |
||
| 100 |
_gCodice autore musica SPICS: 10073 _916940 |
||
| 245 | _aLevel 42 | ||
| 250 | _a1a ed. | ||
| 260 | _aLONDRA | ||
| 260 |
_bPOLYDOR INC _c1987 [1a Ed.:1981 - Ed. Lingua Orig.: 1981] |
||
| 300 | _aCOMPACT DISC | ||
| 300 | _c48 minuti (Testo: 4 pag.) | ||
| 500 | _aMusica rock. | ||
| 505 | _aTurn It On - 43 - Why Are You Leaving - Almost There - Heathrow - Love Games - Dune Tune - Starchild | ||
| 650 |
_aROCK [COMPACT DISC] _eCodice MATERIA SPICS: 9949 _922734 |
||
| 700 |
_aLevel 42 _gCodice interprete SPICS: 10073 _eInterprete _922735 |
||
| 942 |
_cCD _2ddc |
||